LIBRARY ONLINE CATALOGUE

Organization theory : (Record no. 355)

MARC details
000 -LEADER
fixed length control field 00686cam a22002172 4500
001 - CONTROL NUMBER
control field 0000001757
005 - DATE AND TIME OF LATEST TRANSACTION
control field 20151021151053.0
008 - FIXED-LENGTH DATA ELEMENTS--GENERAL INFORMATION
fixed length control field 070326s xx 000 0 eng d
020 ## - INTERNATIONAL STANDARD BOOK NUMBER
International Standard Book Number 8120314263 :
Terms of availability KES 575
040 ## - CATALOGING SOURCE
Original cataloging agency KABU
Transcribing agency KABU
050 #0 - LIBRARY OF CONGRESS CALL NUMBER
Classification number HD31
Item number .R631 2000
100 1# - MAIN ENTRY--PERSONAL NAME
Personal name Robbins, Stephen P.
-- 0000150759
245 10 - TITLE STATEMENT
Title Organization theory :
Remainder of title structure, design, and applications /
Statement of responsibility, etc. Stephen P. Robbins.
250 ## - EDITION STATEMENT
Edition statement 3rd ed.
260 ## - PUBLICATION, DISTRIBUTION, ETC. (IMPRINT)
Place of publication, distribution, etc. New Delhi :
Name of publisher, distributor, etc. Prentice-Hall of India,
Date of publication, distribution, etc. 2000.
300 ## - PHYSICAL DESCRIPTION
Extent xxiii, 552 p. :
Other physical details ill. ;
Dimensions 22 cm.
650 #0 - SUBJECT ADDED ENTRY--TOPICAL TERM
Topical term or geographic name as entry element Organization.
-- 0000148288
908 ## - PUT COMMAND PARAMETER (RLIN)
Put command parameter 070326
950 ## - LOCAL HOLDINGS (RLIN)
-- 1
Holdings
Withdrawn status Lost status Source of classification or shelving scheme Not for loan Home library Current library Date acquired Total Checkouts Full call number Barcode Date last seen Date last checked out Price effective from Koha item type Total Renewals
    Library of Congress Classification   Kabarak, Main Campus Kabarak, Main Campus 17/12/2015 1 HD31 .R631 2000 012147 02/08/2024 06/10/2016 17/12/2015 General Collection  
    Library of Congress Classification   Kabarak, Main Campus Kabarak, Main Campus 17/12/2015 1 HD31 .R631 2000 002310 02/08/2024 21/02/2018 17/12/2015 General Collection  
    Library of Congress Classification   Kabarak, Main Campus Kabarak, Main Campus 17/12/2015 5 HD31 .R631 2000 c.2 002309 28/05/2026 25/05/2026 17/12/2015 General Collection 1
    Library of Congress Classification   Kabarak, Nakuru City Campus Kabarak, Nakuru City Campus 21/10/2015 3 HD31 .R631 2000 c. 1 19408 26/02/2018 25/02/2017 21/10/2015 General Collection